|
|
|
|
| LEADER |
00000nam0a2200000 4500 |
| 001 |
71992 |
| 005 |
20231031083037.0 |
| 010 |
|
|
|a 5940102581
|
| 035 |
|
|
|a (RuTPU)RU\TPU\book\76733
|
| 090 |
|
|
|a 71992
|
| 100 |
|
|
|a 20041229d2005 m y0rusy50 ca
|
| 101 |
0 |
|
|a rus
|
| 102 |
|
|
|a RU
|
| 105 |
|
|
|a a j 001zy
|
| 200 |
1 |
|
|a Основы общей экологии
|e учебное пособие
|f Б. М. Миркин, Л. Г. Наумова
|
| 210 |
|
|
|a М
|c Университетская книга
|d 2005
|
| 215 |
|
|
|a 240 с.
|c ил.
|
| 225 |
1 |
|
|a Новая университетская библиотека
|
| 320 |
|
|
|a Библиогр.: с. 237.
|
| 330 |
|
|
|a Освещается основное содержание общей (биологической) экологии как учебной дисциплины и области научных знаний. Раскрываются ее история, предмет и методы. Рассматриваются экология видов, популяционная экология, экология экосистем и биосферы. Для студентов высших учебных заведений, получающих образование в области экологии, биологии, географии, медицины, сельского хозяйства. Представляет интерес для научных работников и специалистов, занимающихся вопросами экологии и природопользования, охраны окружающей среды и природообустройства.
|
| 610 |
1 |
|
|a общая экология
|
| 610 |
1 |
|
|a учебные пособия
|
| 610 |
1 |
|
|a история
|
| 610 |
1 |
|
|a аутэкология
|
| 610 |
1 |
|
|a абиотические факторы
|
| 610 |
1 |
|
|a адаптация
|
| 610 |
1 |
|
|a организмы
|
| 610 |
1 |
|
|a типология
|
| 610 |
1 |
|
|a популяционная экология
|
| 610 |
1 |
|
|a популяции
|
| 610 |
1 |
|
|a динамика
|
| 610 |
1 |
|
|a взаимоотношения
|
| 610 |
1 |
|
|a экологические ниши
|
| 610 |
1 |
|
|a экосистемы
|
| 610 |
1 |
|
|a биосфера
|
| 610 |
1 |
|
|a поведение
|
| 675 |
|
|
|a 574(075.8)
|v 3
|
| 700 |
|
1 |
|a Миркин
|b Б. М.
|g Борис Михайлович
|
| 701 |
|
1 |
|a Наумова
|b Л. Г.
|g Лениза Гумеровна
|
| 801 |
|
1 |
|a RU
|b 63413507
|c 20041229
|g PSBO
|
| 801 |
|
2 |
|a RU
|b 63413507
|c 20150528
|g PSBO
|
| 900 |
|
|
|a Экология
|
| 942 |
|
|
|c BK
|
| 952 |
|
|
|b 020000
|
| 959 |
|
|
|a 18/20060226
|d 3
|e 131,78
|f ЧЗТЛ:2
|f АНЛ:1
|